Bi︠u︡dzhetnyĭ prot︠s︡ess v Rossiĭskoĭ Federat︠s︡ii : uchebnoe posobie /
Saved in:
| Corporate Author: | |
|---|---|
| Other Authors: | |
| Format: | Book |
| Language: | Russian |
| Published: |
Moskva :
Izd-vo "Perspektiva" : "INFRA-M",
1998.
|
| Subjects: | |
| Tags: |
Add Tag
No Tags, Be the first to tag this record!
|
| LEADER | 01136nam a2200313 a 4500 | ||
|---|---|---|---|
| 001 | 007776295-9 | ||
| 005 | 20020606104010.5 | ||
| 008 | 980721s1998 ru a b 000 0 ruso | ||
| 010 | |a 98173284 | ||
| 020 | |a 5880450287 | ||
| 020 | |a 5862256792 | ||
| 035 | 0 | |a ocm40355095 | |
| 040 | |a DLC |c DLC | ||
| 043 | |a e-ur-ru | ||
| 050 | 0 | 0 | |a HJ2130.7 |b .B58 1998 |
| 245 | 0 | 0 | |a Bi︠u︡dzhetnyĭ prot︠s︡ess v Rossiĭskoĭ Federat︠s︡ii : |b uchebnoe posobie / |c L.G. Baranova ... [et al.]. |
| 260 | |a Moskva : |b Izd-vo "Perspektiva" : |b "INFRA-M", |c 1998. | ||
| 300 | |a 220 p. : |b ill. ; |c 22 cm. | ||
| 500 | |a At head of title: Institut finansovogo menedzhmenta. | ||
| 504 | |a Includes bibliographical references. | ||
| 650 | 0 | |a Budget process |z Russia (Federation) | |
| 650 | 0 | |a Tax revenue estimating |z Russia (Federation) | |
| 650 | 0 | |a Tax collection |z Russia (Federation) | |
| 650 | 0 | |a Budget |x Law and legislation |z Russia (Federation) | |
| 650 | 0 | |a Taxation |x Law and legislation |z Russia (Federation) | |
| 700 | 1 | |a Baranova, L. G. |q (Larisa Gurʹevna) | |
| 710 | 2 | |a Institut finansovogo menedzhmenta. | |
| 988 | |a 20020608 | ||
| 906 | |0 DLC | ||


